000 00876nam a22002177a 4500
999 _c4116
_d4116
003 AR-CdUCM
008 190308b ||||| |||| 00| 0 spa d
040 _aMUNICIPALIDAD PROVINCIAL DEL CUSCO
_cBIBLIOTECA MUNICIPAL DEL CUSCO
082 _22ed.
_a711 /
_bG25
100 _aGarcía Ramos, Domingo
_913047
245 _aIniciación al urbanismo /
260 _aMéxico, D.F :
_bUniversidad Nacional Autónoma de México,
_c1961.
300 _a304 páginas ;
_bIlustraciones, planes, diagramas,
_c28 cm.
505 _aContenido: Definiciones y conceptos generales -- La sociedad urbana -- el urbanismo instintivo y el empírico -- Veinte siglos, tres filósofos y un rey -- La revolución industrial...
650 _aUrbanismo
_94748
650 _aUrbanismo
_94748
650 _aMéxico
_918
650 _aArquitectura Mexicana
_913048
942 _2ddc
_cLIBROS
945 _adavv